En herrgårdssägen /
Disimpan dalam:
| Pengarang Utama: | |
|---|---|
| Format: | Buku |
| Bahasa: | Swedish |
| Diterbitkan: |
Stockholm :
Albert Bonniers Förlag,
1909.
|
| Edisi: | 7. upplagan. |
| Subjek-subjek: | |
| Penanda-penanda: |
Tambah Penanda
Tiada Penanda, Jadilah orang pertama menanda rekod ini!
|
| LEADER | 01180cam a22002893i 4500 | ||
|---|---|---|---|
| 001 | 13007718 | ||
| 005 | 20180124132407.0 | ||
| 008 | 870121s1909 sw 000 1 swe d | ||
| 035 | |a (OCoLC)ocm81937685 | ||
| 035 | |a (OCoLC)81937685 | ||
| 035 | |a (NNC)13007718 | ||
| 040 | |a CU-SB |b eng |e rda |c CUT |d OCLCG |d OCLCQ |d ZCU | ||
| 043 | |a e-sw--- | ||
| 100 | 1 | |a Lagerlöf, Selma, |d 1858-1940, |e author. | |
| 245 | 1 | 3 | |a En herrgårdssägen / |c berättad av Selma Lagerlöf. |
| 250 | |a 7. upplagan. | ||
| 264 | 1 | |a Stockholm : |b Albert Bonniers Förlag, |c 1909. | |
| 300 | |a 132 pages ; |c 18 cm | ||
| 336 | |a text |b txt |2 rdacontent | ||
| 337 | |a unmediated |b n |2 rdamedia | ||
| 338 | |a volume |b nc |2 rdacarrier | ||
| 650 | 7 | |a Swedish fiction |2 fast |0 (OCoLC)fst01140050 | |
| 650 | 7 | |a Rural conditions |2 fast |0 (OCoLC)fst01101474 | |
| 651 | 7 | |a Sweden |2 fast |0 (OCoLC)fst01204537 | |
| 655 | 7 | |a Fiction |2 fast |0 (OCoLC)fst01423787 | |
| 776 | 0 | 8 | |i Online version: |a Lagerlöf, Selma, 1858-1940. |t Herrgårdssägen. |b 7. uppl. |d Stockholm : A. Bonniers, 1909 |w (OCoLC)897562304 |
| 852 | 8 | 0 | |b glx4off |h 839.7L13 |i R5 |z Bound with other titles; for a complete listing search by the call number using the Call Number search. |


